000 00366nam a2200145 4500
999 _c782
_d782
008 191218b ||||| |||| 00| 0 eng d
082 0 0 _a669
_bW899
100 _9308
_aWoodward, W. E.
245 1 0 _aEngineering Metallurgy
_cby W E Woodward
250 _a1st ed.
260 _aLondon
_bConstable & Co.
_c1948
300 _ax, 167 p.
650 0 _aMetals
942 _2ddc
_cBK